[Event "5th SPICE Cup GpC"]
[Site "Lubbock USA"]
[Date "2011.10.19"]
[Round "9"]
[White "Troff,Kayden W"]
[Black "Aleskerov,F"]
[Result "0-1"]
[WhiteElo "2306"]
[BlackElo "2316"]
[EventDate "2011.10.15"]

1. d4 c5 2. d5 e5 3. e4 d6 4. f4 exf4 5. Bxf4 Nf6 6. Nc3 Be7 7. Be2 O-O 8.
Nf3 Nbd7 9. O-O a6 10. a4 Ng4 11. a5 Qc7 12. h3 Nge5 13. Bxe5 Nxe5 14. Nxe5
dxe5 15. Na4 Bd7 16. Nb6 Rad8 17. Bg4 Bxg4 18. Qxg4 c4 19. Kh1 Bb4 20. Ra4
Bxa5 21. Nxc4 b5 22. Rxa5 Qxc4 23. Rf3 Rd6 24. c3 Rg6 25. Qf5 Qe2 26. Rf2
Qd1+ 27. Rf1 Qc2 28. Rg1 Qxb2 29. Qxe5 b4 30. Rc5 b3 31. d6 Qf2 32. Rc7 Qb6
33. Rf1 Qxd6 34. Qxd6 Rxd6 35. Rb7 Re6 36. Rf4 f6 37. Rxb3 Rfe8 38. Ra3 Rc8
39. Kg1 Rc4 40. Kh2 Rec6 41. Ra5 Kf7 42. Kg1 R4c5 43. Rf5 Rxc3 44. e5 g6
45. Rxf6+ Rxf6 46. exf6 Rc6 47. Kh2 Kxf6 48. Kg3 Ke6 49. Kf4 h6 50. Ra3 Kd5
51. Ra5+ Kc4 52. Ra2 Kd4 53. Rd2+ Kc3 54. Ra2 Kb4 55. Ke5 a5 56. Kd4 Rd6+
57. Ke5 Ra6 58. Kd4 Kb3 59. Rf2 a4 60. Kc5 a3 61. Rf3+ Kc2 62. Rf2+ Kd3 63.
Ra2 Kc3 0-1

[Event "5th SPICE Cup GpC"]
[Site "Lubbock USA"]
[Date "2011.10.19"]
[Round "9"]
[White "Perelshteyn,E"]
[Black "Friedel,J"]
[Result "1/2-1/2"]
[WhiteElo "2534"]
[BlackElo "2518"]
[EventDate "2011.10.15"]

1. c4 c5 2. Nc3 g6 3. g3 Bg7 4. Bg2 Nc6 5. d3 d6 6. e4 e5 7. Nge2 Nge7 8.
O-O O-O 9. a3 a5 10. h3 Be6 11. Nd5 Rb8 12. Be3 b5 1/2-1/2